|
|
|
|
| LEADER |
00000nab a2200000 a 4500 |
| 001 |
vtls008874354 |
| 003 |
SK-MaSNL |
| 005 |
20260304141407.0 |
| 008 |
250505c2005 xo 0 slo |
| 015 |
|
|
|a SNBCL2005/5
|
| 035 |
|
|
|a SLK035766
|
| 035 |
|
|
|a urn:nbn:sk:snk-ab720n
|
| 035 |
|
|
|a (uuid)dbb5fcfe-7548-4b7d-a4e0-98ce2f92b5f4
|
| 035 |
|
|
|a (urnnbn)urn:nbn:sk:snk:ar-a06mym
|
| 035 |
|
|
|a (sysno)vtls008874354
|
| 040 |
|
|
|a SNKBUCL
|b slo
|c SNKBUCL
|e AACR2
|
| 041 |
0 |
|
|a cze
|
| 044 |
|
|
|a xo
|c SK
|
| 080 |
|
|
|a 616.248-07-085:061.3
|2 1981
|
| 245 |
0 |
0 |
|a Montelukast snižuje hladinu endotelinu-1 v séru u dětských astmatiků
|c F. Kopriva ... [et al.]
|
| 650 |
0 |
7 |
|a astma
|x diagnostika
|2 MESH
|9 858409
|
| 650 |
0 |
7 |
|a endotelín-1
|x analýza
|2 MESH
|9 1459169
|
| 650 |
0 |
7 |
|a choroba chronická
|2 MESH
|9 875534
|
| 650 |
0 |
7 |
|a kašeľ
|2 MESH
|9 15309
|
| 650 |
0 |
7 |
|a antiastmatiká
|2 MESH
|9 598140
|
| 650 |
0 |
7 |
|a diagnostika (medicína)
|2 MESH
|9 28740
|
| 700 |
1 |
|
|a Kopriva, F.
|4 aut
|9 293453
|
| 700 |
1 |
|
|a Janoštáková, A.
|4 aut
|9 1175904
|
| 700 |
1 |
|
|a Zápalka, Martin
|4 aut
|9 1457984
|
| 700 |
1 |
|
|a Szotkowská, Jarmila
|4 aut
|9 1457986
|
| 700 |
1 |
|
|a Hajdůch, M.
|4 aut
|9 1147623
|
| 711 |
2 |
|
|a Zjazd slovenských a českých alergológov a klinických imunológov
|n (22. :
|d 2005 :
|c Prešov, Slovensko)
|4 aut
|9 97308
|
| 773 |
0 |
|
|t Klinická imunológia a alergológia
|g Zv. 15, č. 3 (2005), s. 14
|x 1335-0013
|
| 850 |
|
|
|a Slovenská národná knižnica
|
| 852 |
|
|
|a Slovenská národná knižnica
|
| 954 |
|
|
|a odborná, vedecká literatúra cudzojazyčná (svetová)
|2 lita
|
| 958 |
|
|
|a article2022
|
| 958 |
|
|
|a OND
|
| 958 |
|
|
|a EUIPO
|
| 999 |
|
|
|c 2918613
|d 2920543
|